|
|
|
|
| LEADER |
00000cam a2200000 7i4500 |
| 001 |
0000039670 |
| 005 |
20070108.0 |
| 020 |
|
|
|a 9836256938
|
| 090 |
0 |
0 |
|a 500
|b WAL
|
| 100 |
1 |
|
|a Walpole, Brenda
|
| 245 |
1 |
0 |
|a Mengira
|c Brenda Walpole ; penterjemah Sepawan bte Adnan
|
| 260 |
|
|
|a Kuala Lumpur :
|b Dewan Bahasa Dan Pustaka ,
|c 1999
|
| 300 |
|
|
|a 32p. :
|b ill. ;
|c 24cm.
|
| 490 |
0 |
|
|a Siri Unit
|
| 650 |
0 |
0 |
|a Counting
|x Juvenile literature
|
| 700 |
1 |
|
|a Sepawan Adnan
|
| 999 |
|
|
|a 097888
|b BUKU
|c JUNIOR BOOKS
|e PERPUSTAKAAN KOMUNITI PETALING JAYA
|
| 999 |
|
|
|a 097889
|b BUKU
|c JUNIOR BOOKS
|e PERPUSTAKAAN KOMUNITI PETALING JAYA
|
| 999 |
|
|
|a 097890
|b BUKU
|c JUNIOR BOOKS
|e PERPUSTAKAAN KOMUNITI PETALING JAYA
|